000 00562nam a22001817a 4500
005 20251108164030.0
008 250721s1995 xx 000 0 ara d
082 1 4 _a321.4565/جرا
100 1 _aجرادات، صالح أحمد
245 1 0 _aالتوجيه الديمقراطي في الأردن :
_bأبعاده و نتائجه /
264 1 _aعمان :
_bدار البشير،
_c1995.
300 _a119ص
650 1 7 _aالديمقراطية
650 1 7 _aالأنظمة السياسية
650 1 7 _aالأردن
942 _2ddc
_cBK
999 _c1909
_d1909